[Event "32nd NATO Chess Championship"]
[Site "Tartu, Estonia"]
[Date "2022.06.29"]
[Round "4.18"]
[White "Peraino, Andrew"]
[Black "Cirkvencic, Franci"]
[Result "1-0"]
[WhiteElo "1940"]
[BlackElo "2000"]
[PlyCount "93"]
[EventDate "2022.??.??"]

1. e4 c5 2. Nf3 d6 3. Bb5+ Nd7 4. a4 a6 5. Bc4 Ngf6 6. Nc3 e6 7. Qe2 Ne5 8.
Nxe5 dxe5 9. d3 Bd6 10. Bd2 h6 11. g3 Qc7 12. a5 Bd7 13. h4 Bc8 14. g4 Bd7 15.
Rg1 O-O-O 16. g5 hxg5 17. hxg5 Nh5 18. g6 Bc6 19. gxf7 Qxf7 20. Qg4 Bd7 21. Na4
Nf6 22. Nb6+ Kc7 23. Qg2 Rdg8 24. O-O-O g6 25. Qf3 Rh7 26. Rg5 Be8 27. Bc3 Rh5
28. Bxe5 Bxe5 29. Rxe5 Rxe5 30. Qg3 Ng4 31. f4 Rf5 32. exf5 gxf5 33. Qg1 Qe7
34. d4 Qd6 35. Qg3 Nf6 36. Qe3 Ne4 37. dxc5 Qe7 38. Qd4 Nxc5 39. Qe5+ Kc6 40.
b4 Bh5 41. b5+ axb5 42. Bd5+ exd5 43. Qxe7 Bxd1 44. Qf6+ Kc7 45. Qf7+ Kb8 46.
Qxg8+ Ka7 47. Qa8# 1-0

[Event "32nd NATO Chess Championship"]
[Site "Tartu, Estonia"]
[Date "2022.06.29"]
[Round "4.27"]
[White "Windey, Luc"]
[Black "Wagenaar, Harm Theo"]
[Result "1/2-1/2"]
[WhiteElo "1624"]
[BlackElo "1885"]
[PlyCount "43"]
[EventDate "2022.??.??"]

1. d4 d5 2. Nf3 Nf6 3. Bf4 c5 4. e3 Nc6 5. c3 Qb6 6. Qb3 c4 7. Qxb6 axb6 8.
Nbd2 b5 9. Be2 b4 10. O-O bxc3 11. bxc3 Ra3 12. Rfc1 e6 13. Ne5 Be7 14. Bf3
Nxe5 15. dxe5 Nd7 16. e4 dxe4 17. Bxe4 Nc5 18. Be3 Nxe4 19. Nxe4 O-O 20. Nd6
Bxd6 21. exd6 Bd7 22. Bc5 1/2-1/2

[Event "32nd NATO Chess Championship"]
[Site "Tartu, Estonia"]
[Date "2022.06.30"]
[Round "5.38"]
[White "Smit, Jan"]
[Black "Adolfssen, Rico"]
[Result "1/2-1/2"]
[WhiteElo "1741"]
[BlackElo "1837"]
[PlyCount "27"]
[EventDate "2022.??.??"]

1. Nf3 d5 2. d4 Bf5 3. Bg5 h6 4. Bh4 Nd7 5. e3 Ngf6 6. Nbd2 a6 7. a4 g5 8. Bg3
c5 9. Ne5 Bg7 10. Be2 O-O 11. h4 cxd4 12. exd4 Rc8 13. c3 Qb6 14. Qb3 1/2-1/2

[Event "32nd NATO Chess Championship"]
[Site "Tartu, Estonia"]
[Date "2022.07.01"]
[Round "7.29"]
[White "Simard, Francois"]
[Black "Giedraitis, Mingaudas"]
[Result "0-1"]
[WhiteElo "1757"]
[BlackElo "1846"]
[PlyCount "90"]
[EventDate "2022.??.??"]

1. d4 d5 2. c4 c6 3. cxd5 cxd5 4. Nc3 Nc6 5. Nf3 Nf6 6. Bg5 e6 7. e3 Be7 8. Rc1
O-O 9. Bd3 Nh5 10. Bxe7 Qxe7 11. O-O g6 12. a3 Qd6 13. Qc2 Rd8 14. Na4 Nf6 15.
Nc5 e5 16. dxe5 Nxe5 17. Be2 b6 18. Nb3 Nxf3+ 19. Bxf3 Ba6 20. Rfd1 Rac8 21.
Qb1 Bb7 22. Nd4 Qe7 23. Rxc8 Rxc8 24. Rc1 Rc5 25. Rc2 Ne4 26. Qc1 Kg7 27. b4
Rxc2 28. Qxc2 Qd7 29. Bd1 Ba6 30. Qc6 Bc8 31. Bb3 Nf6 32. Ba4 Qxc6 33. Bxc6 a6
34. Ne2 Kf8 35. Nc3 Be6 36. Na4 Bd7 37. Bxd7 Nxd7 38. Kf1 Ke7 39. Ke2 b5 40.
Nb2 Ne5 41. Nd3 Nc4 42. Nc5 a5 43. bxa5 Nxa5 44. Kd3 Kd6 45. Kd4 Nc6+ 0-1